Score 0/26 Timer 03:00
1 Play Today
Hint 4-Letter Word % Correct
Opposite of loveHATE
98%
Not on timeLATE
97.9%
From birth to deathLIFE
97.5%
Injury from fireBURN
97.3%
Innermost part of the earthCORE
95.4%
BelchBURP
95%
Finished or completedDONE
95%
Slightly wetDAMP
94.5%
Fish used in saladsTUNA
93.2%
Where all trash goesDUMP
93.2%
A melody or jingleTUNE
92.5%
A large brass instrumentTUBA
92.4%
A knighted ladyDAME
92.4%
Hint 4-Letter Word % Correct
A large mound of sandDUNE
92.2%
Like low-calorie foodLITE
92.1%
Small clash or collisionBUMP
91.6%
Yellow food found in huskCORN
91.4%
'The ayes ___ it.'HAVE
91.4%
Half a sphereDOME
91%
A small bayCOVE
88.8%
Spelunker's siteCAVE
88.6%
Pacific island nationFIJI
87.2%
Caribbean island nationCUBA
86.9%
Relative of the fluteFIFE
86.7%
Nickname for FionaFIFI
86.6%
Physicist MaxBORN
85.1%

Today's Daily Dose

Remove Ads.
Support Sporcle.
Get the best of Sporcle when you Go Orange. This ad-free experience offers more features, more stats, and more fun while also helping to support Sporcle. Thank you for becoming a member.

You're not logged in!

Compare scores with friends on all Sporcle quizzes.
OR
Log In

Show Comments

Extras

Top Quizzes Today


Score Distribution

Your Account Isn't Verified!

In order to create a playlist on Sporcle, you need to verify the email address you used during registration. Go to your Sporcle Settings to finish the process.

Report this User

Report this user for behavior that violates our Community Guidelines.

Details: